000 00475nam a2200169Ia 4500
005 20250425160637.0
008 250425s9999 xx 000 0 und d
041 _aspa
082 _a620
245 0 _aCAFE TOSTADO MOLIDO. DETERMINACION DEL CONTENIDO DE GRASA
250 _a1A ED.
260 _aEcuador
_bINEN
_c1984
260 _aS.L.
500 _aD-14576 S/ 100 INEN BIBL. 28.06.94 NORMA INEN 1 116: 1984-04 general impreso DONACION
942 _c01
010 _a1071
999 _c193249
_d193249